Giovanni Papini Obras / (Record no. 6153)

000 -CABECERA
fixed length control field 00865nam a22002297a 4500
003 - IDENTIFICADOR DEL NÚMERO DE CONTROL
control field AR-CdUCM
008 - DATOS DE LONGITUD FIJA--INFORMACIÓN GENERAL
fixed length control field 190313b ||||| |||| 00| 0 spa d
040 ## - FUENTE DE LA CATALOGACIÓN
Agencia/entidad que catalogó originalmente la obra MUNICIPALIDAD PROVINCIAL DEL CUSCO
Entidad que transcribió la catalogación BIBLIOTECA MUNICIPAL DEL CUSCO
082 ## - NÚMERO DE LA CLASIFICACIÓN DECIMAL DEWEY
No. de Clasificación 858.92 /
Notacion interna P25
100 ## - ENTRADA PRINCIPAL--NOMBRE DE PERSONA
Nombre Personal Papini, Giovanni
245 ## - MENCIÓN DE TÍTULO
Título Giovanni Papini Obras /
260 ## - PUBLICACIÓN, DISTRIBUCIÓN, ETC.
Lugar de publicación, distribución, etc. España :
Nombre de la editorial, distribuidor, etc. Aguilar ,
Fecha de publicación, distribución, etc. 1966.
300 ## - DESCRIPCIÓN FÍSICA
Nº de Páginas Extensión 1403 páginas ;
Dimensiones 18.5 cm.
440 ## - MENCIÓN DE SERIE/PUNTO DE ACCESO ADICIONAL--TÍTULO
Título Obras Completas
Número de la parte/sección de una obra 1
9 (RLIN) 17818
505 ## - NOTA DE CONTENIDO CON FORMATO
Nota de contenido formateada Contenido : t.1 : Autobiografía Narraciones Poesía varia -- t.2 : Biografías Retratos -- t.3 : Critica Apologías -- t.4 : Religión Filosofía -- t.5 : Autobiografía Ficción.
650 ## - PUNTO DE ACCESO ADICIONAL DE MATERIA--TÉRMINO DE MATERIA
Descriptor Literatura del siglo XX
9 (RLIN) 7647
650 ## - PUNTO DE ACCESO ADICIONAL DE MATERIA--TÉRMINO DE MATERIA
Descriptor Literatura Europea
9 (RLIN) 894
650 ## - PUNTO DE ACCESO ADICIONAL DE MATERIA--TÉRMINO DE MATERIA
Descriptor Literatura Italiana
9 (RLIN) 615
700 ## - PUNTO DE ACCESO ADICIONAL--NOMBRE DE PERSONA
Nombre Personal Velloso, Jose Miguel
9 (RLIN) 44010
942 ## - ELEMENTOS DE PUNTO DE ACCESO ADICIONAL (KOHA)
Fuente de clasificación
Tipo de item Libros-BMC
945 ## - PROCESAMIENTO DE INFORMACIÓN LOCAL (OCLC)
Catalogador rtm
Holdings
Estado de retiro (separado) Fuente de clasificación o esquema de estanterías Estado dañado Ubicación Sala donde se ubica Nombre de la colección Fecha de adquisición o compra Costo, precio normal en soles Signatura topográfica Código de Barras Última vez visto (Koha) Tipo de ítem (Koha)
No     Sala Humanidades Sala Humanidades Book Cart 2019-03-13 80.00 086.858 / P25 / t.1 SH0000006375 2019-03-13 Libros-BMC
No     Sala Humanidades Sala Humanidades Book Cart 2019-03-18 80.00 086.858 / P25 / t.2 SH0000006376 2019-03-18 Libros-BMC
No     Sala Humanidades Sala Humanidades Book Cart 2019-03-18 80.00 086.858 / P25 / t.3 SH0000006377 2019-03-18 Libros-BMC
No     Sala Humanidades Sala Humanidades Book Cart 2019-03-18 80.00 086.858 / P25 / t.4 SH0000006378 2019-03-18 Libros-BMC
No     Sala Humanidades Sala Humanidades Book Cart 2019-03-18 80.00 086.858 / P25 / t.5 SH0000006379 2019-03-18 Libros-BMC

Powered by Koha